Modern Russian poetry (Record no. 183311)

MARC details
000 -LEADER
campo de control de longitud fija 00801nam a2200181 i 4500
001 - NÚMERO DE CONTROL
campo de control 183311
003 - IDENTIFICADOR DE NÚMERO DE CONTROL
campo de control ES-MaACL
005 - FECHA Y HORA DE LA ÚLTIMA TRANSACCIÓN
campo de control 20230906221848.0
008 - DATOS DE LONGITUD FIJA--INFORMACIÓN GENERAL
campo de control de longitud fija 140313s1917 xxk |||| | eng d
100 0# - ENTRADA PRINCIPAL--NOMBRE DE PERSONA
Nombre de persona Selver, Paul.
9 (RLIN) 105363
245 10 - MENCIÓN DEL TÍTULO
Título Modern Russian poetry
Resto del título : texts and translations /
Mención de responsabilidad, etc. selected and translated, with an introduction, by P. Selver.
260 ## - PUBLICACIÓN, DISTRIBUCIÓN, ETC.
Lugar de publicación, distribución, etc. London :
Nombre del editor, distribuidor, etc. K. Paul, Trench, Trubner & co., ltd. ;
Lugar de publicación, distribución, etc. New York :
Nombre del editor, distribuidor, etc. E.P. Dutton & co.,
Fecha de publicación, distribución, etc. 1917.
300 ## - DESCRIPCIÓN FÍSICA
Extensión XVI, 65, ;
Dimensiones 20 cm.
500 ## - NOTA GENERAL
Nota general Texto en inglés y ruso.
505 8# - NOTA DE CONTENIDO CON FORMATO
Nota de contenido con formato Contiene: Introduction.--K. D. Balmont.--Alexander Block.--Valery Bryusov.--Ivan Bunin.--Zinaida Hippius.--Lokhvitskaya.--D. S. Merezhkovsky.--N. Minsky.--F. Sologub.--V. Solovyóv
650 #4 - PUNTO DE ACCESO ADICIONAL DE MATERIA--TÉRMINO DE MATERIA
Término de materia o nombre geográfico como elemento de entrada Poesías rusas.
9 (RLIN) 148469
852 ## - LOCALIZACIÓN
Ubicación ES-MaACL
Número de control de estantería G-3523
Holdings
Estatus retirado Estado de pérdida Estado de daño No para préstamo Biblioteca de origen Biblioteca actual Ubicación en estantería Fecha de adquisición Fuente de adquisición Total de préstamos Signatura topográfica completa Código de barras Visto por última vez Precio de reemplazo Tipo de ítem Koha
        Biblioteca del Ateneo de Madrid Biblioteca del Ateneo de Madrid Depósito 2 13/03/2014     G-3523 1192675 23/02/2023 23/02/2023 Libro impreso